000 00290 a2200121 4500
001 147082
040 _cEscola São Tomás de Aquino
100 _aMACHADO, Ana Maria
240 1 0 _aA arara e o guaraná
_lpor
245 1 0 _aA arara e o guaraná
697 _a*LITERATURA INFANTO
942 _cBK
999 _c147082
_d147082